| 000 | 00560nam a2200205 a 4500 | ||
|---|---|---|---|
| 003 | OSt | ||
| 005 | 20150321071519.0 | ||
| 008 | 020226s1990 esp j 0001 spa d | ||
| 020 | _a84-348-2265-2 | ||
| 040 | _cBMC | ||
| 082 | _a808.068083 | ||
| 100 | 1 |
_aKordon, Klaus _930727 |
|
| 245 | 1 | 3 |
_aLa moneda de cinco marcos _cKlaus Kordon ; [traducción Carmen Bas] |
| 250 | _a3ª ed | ||
| 260 |
_aMadrid _bSM _c1990 |
||
| 300 |
_a77 p. _bil. _c19 cm |
||
| 490 | 0 |
_aEl barco de vapor. Serie azul _v134 |
|
| 650 | 2 | 4 |
_929811 _aCuentos infantiles |
| 942 |
_2ddc _cBK |
||
| 999 |
_c17732 _d17732 |
||